Contemporary abstract algebra (Record no. 180)

MARC details
000 -LEADER
fixed length control field 00466 a2200193 4500
001 - CONTROL NUMBER
control field 065953
003 - CONTROL NUMBER IDENTIFIER
control field OSt
005 - DATE AND TIME OF LATEST TRANSACTION
control field 20251210142829.0
008 - FIXED-LENGTH DATA ELEMENTS--GENERAL INFORMATION
fixed length control field
082 ## - DEWEY DECIMAL CLASSIFICATION NUMBER
Classification number 512.02
Item number G13C
100 1# - MAIN ENTRY--PERSONAL NAME
Personal name Gallan, Joseph A.
245 1# - TITLE STATEMENT
Title Contemporary abstract algebra
Statement of responsibility, etc By Joseph A. Gallan
250 ## - EDITION STATEMENT
Edition statement 4th ed.
260 ## - PUBLICATION, DISTRIBUTION, ETC. (IMPRINT)
Place of publication, distribution, etc New Delhi
Name of publisher, distributor, etc Narosa
Date of publication, distribution, etc 1998
300 ## - PHYSICAL DESCRIPTION
Extent 583p.
500 ## - GENERAL NOTE
General note English
690 ## - LOCAL SUBJECT ADDED ENTRY--TOPICAL TERM (OCLC, RLIN)
Topical term or geographic name as entry element Algebra, Abstract
942 ## - ADDED ENTRY ELEMENTS (KOHA)
Source of classification or shelving scheme Dewey Decimal Classification
Koha item type Books
Holdings
Withdrawn status Lost status Source of classification or shelving scheme Damaged status Not for loan Collection code Home library Current library Department Date acquired Source of acquisition Coded location qualifier Cost, normal purchase price Inventory number(Invoice/Date) Total Checkouts Full call number Barcode Date last seen Date checked out Price effective from Koha item type Public note
    Dewey Decimal Classification     General Text Book Central University Of Rajasthan Central University Of Rajasthan Mathematics 07/03/2012 MTH Book Fair 280.00 000101/03-02-2010 42 512.02 G13C 239 19/05/2026 04/05/2026 02/09/2020 Books Narosa, New Delhi